| 000 | 00887nam a2200277 a 4500 | ||
|---|---|---|---|
| 008 | |||
| 020 | _a0563387424 (hbk.) | ||
| 049 | _aMAIN | ||
| 090 |
_aDT1110.R47 _bTHO |
||
| 100 | 1 | _aThomas, Antony. | |
| 245 | 1 | 0 |
_aRhodes : _bthe race for Africa / _cAntony Thomas. |
| 260 |
_aLondon : _bBBC Books, _c1996. |
||
| 300 |
_a368 p. : _bill., maps ; _c24 cm. |
||
| 500 | _aIncludes index. | ||
| 500 | _aIncludes bibliographical references. | ||
| 500 | _a"A Thomas Dunne book." | ||
| 600 | 1 | 0 |
_aRhodes, Cecil, _d1853-1902. |
| 610 | 2 | 0 |
_aBritish South Africa Company _xHistory. |
| 650 | 0 |
_aStatesmen _zAfrica, Southern _xBiography. |
|
| 650 | 0 |
_aCapitalists and financiers _zAfrica, Southern _xBiography. |
|
| 907 |
_a.b10143221 _b08-05-12 _c10-12-04 |
||
| 003 | |||
| 005 | 20230123133858.0 | ||
| 040 | _cNUST | ||
| 942 |
_cBOOKS _kDT1110.R47 _mTHO |
||
| 999 |
_c156198 _d156198 |
||